| 000 | 00971nam a22002297a 4500 | ||
|---|---|---|---|
| 999 |
_c5413 _d5413 |
||
| 003 | AR-CdUCM | ||
| 008 | 190312b ||||| |||| 00| 0 spa d | ||
| 040 |
_aMUNICIPALIDAD PROVINCIAL DEL CUSCO _cBIBLIOTECA MUNICIPAL DEL CUSCO |
||
| 082 |
_a305.4 / _bR91 |
||
| 100 |
_aRubín de Celis T., Emma _916306 |
||
| 245 | _aRol económico de la mujer campesina / | ||
| 260 |
_aPerú : _bCentro de Investigación y Promoción del Campesinado, _c1982. |
||
| 300 |
_a210 páginas ; _c29 cm. |
||
| 505 | _aContenido : Elementos teóricos sobre el agro regional e hipótesis de base acerca del rol económico de la mujer campesina - Caracteristicas generales de los caseríos y de las empresas -- Actividades económicas de la mujer campesina ... | ||
| 650 |
_aMujer _9143 |
||
| 650 |
_aEconomía _9382 |
||
| 650 |
_aMujer campesina _915991 |
||
| 700 |
_aFernández Montenegro, Blanca _916307 |
||
| 700 |
_aGuarnizo de Erazo, Luisa _916308 |
||
| 942 |
_2ddc _cLIBROS |
||
| 945 | _azta | ||